=LDR 00000nam 2200000 4500 =001 INLIS000000000024371 =005 20130612122949 =008 ***********************************Ind** =035 ##$$0010-061300000024371 =041 ##$$a Ind =082 ##$$a 530 =090 ##$$a 530, Tip f =100 ##$$a Tipler, Paul A =245 ##$$a Fisika untuk saisns dan teknik, Paul A. Tipler =260 ##$$a 2001 $b Jakarta =300 ##$$a ...hlm, 25 cm =650 ##$$a Fisika =850 ##$$a NBPNMAT =990 ##$$a 0001/BPAP-NTB/20142015 =990 ##$$a 0001/BPAP-NTB/2015 =990 ##$$a 0001/BPAP-NTB/2015 =990 ##$$a 0001/BPAP-NTB/2015 =990 ##$$a 0001/BPAP-NTB/2015 =990 ##$$a 0001/BPAP-NTB/2015